Explorations; T1: Student book

The book contains eight units which integrate grammar, speaking, listening, reading, and writing around engaging, interesting topics. The Grammar Guide and Vocabulary Workshop sections in the back of the book can be used to support and expan each unit.

Guardat en:
Dades bibliogràfiques
Autor principal: Linda Lee
Format: Llibre
Idioma:Undetermined
Publicat: New York Oxford Univ. Press 2000
Matèries:
Etiquetes: Afegir etiqueta
Sense etiquetes, Sigues el primer a etiquetar aquest registre!
Thư viện lưu trữ: Trung tâm Học liệu Trường Đại học Cần Thơ
LEADER 00855nam a2200205Ia 4500
001 CTU_37651
008 210402s9999 xx 000 0 und d
020 |b 87.000đ 
082 |a 428.24 
082 |b L479s/T1 
100 |a Linda Lee 
245 0 |a Explorations; T1: Student book 
245 0 |c Linda Lee, Terra Brockman 
260 |a New York 
260 |b Oxford Univ. Press 
260 |c 2000 
520 |a The book contains eight units which integrate grammar, speaking, listening, reading, and writing around engaging, interesting topics. The Grammar Guide and Vocabulary Workshop sections in the back of the book can be used to support and expan each unit. 
650 |a english language - study and teaching,english language - textbooks for foreign speakers 
904 |i Minh, 000808 
980 |a Trung tâm Học liệu Trường Đại học Cần Thơ